| 000 | 00000nam##2200000za#4500 |
| 001 | 9.600503 |
| 003 | CaOODSP |
| 005 | 20210624205620 |
| 007 | cr ||||||||||| |
| 008 | 150406|2001||||xxc|||||o f|0| 0 fre|d |
| 040 | |aCaOODSP|bfre |
| 043 | |an-cn--- |
| 086 | 1 |aBT31-4/72-2001F-PDF |
| 110 | 1 |aCanada. |bConseil du trésor. |
| 245 | 10|aComité de surveillance des activités de renseignement de sécurité, rapport sur le rendement pour la période se terminant le 31 mars 2001 |h[ressource électronique] |
| 260 | |aOttawa - Ontario : |bSecrétariat du Conseil du Trésor du Canada |cc2001. |
| 300 | |a20p.|btableaux |
| 490 | 1 |aRapport sur le rendement pour la période se terminant le 31 mars 2001 |vPour la période se terminant le 31 mars 2001 |
| 500 | |aLe n° de catalogue (BT31-4/72-2001) et l'ISBN (0-660-61727-7) de l'édition imprimée bilingue ont été incorrectement copiés dans cette édition électronique. |
| 590 | |a12-26-Supp|b2012-06-07 |
| 775 | 08|tSecurity Intelligence Review Committee, performance report for the period ending March 31, 2001 |w(CaOODSP)9.569276 |
| 776 | 0#|tSecurity Intelligence Review Committee |w(CaOODSP)9.535614 |
| 776 | 0#|tComité de surveillance des activités de renseignement de sécurité |w(CaOODSP)9.535615 |
| 830 | #0|aRapport sur le rendement pour la période se terminant le 31 mars 2001 ;|vPour la période se terminant le 31 mars 2001|w(CaOODSP)9.502710 |
| 856 | 40|ahttp://publications.gc.ca|qPDF|s259 Ko|uhttps://publications.gc.ca/collections/Collection/BT31-4-72-2001F.pdf|yPour la période se terminant le 31 mars 2001 |